The seventh sens : (Record no. 143021)

MARC details
000 -LEADER
fixed length control field 00650nam a22001937a 4500
005 - DATE AND TIME OF LATEST TRANSACTION
control field 20170801114606.0
010 ## - LCCN (DPL NO)
LC control number ENG-119493
020 ## - INTERNATIONAL STANDARD BOOK NUMBER
Terms of availability 499.00
International Standard Book Number 9789351952039
035 ## - SYSTEM CONTROL NUMBER
System control number EN-103025
037 ## - SOURCE OF ACQUISITION
Source of stock number/acquisition DBAD/PUB
082 ## - DEWEY DECIMAL CLASSIFICATION NUMBER
Classification number 303.4833
100 ## - MAIN ENTRY--PERSONAL NAME
Personal name Ramo,Joshua Cooper
245 ## - TITLE STATEMENT
Title The seventh sens :
Statement of responsibility, etc by Joshua Cooper Ramo
Remainder of title power, fortune, and survival in the age of networks/
260 ## - PUBLICATION, DISTRIBUTION, ETC. (IMPRINT)
Place of publication, distribution, etc Gurgaon
Name of publisher, distributor, etc Hachette Book Publishing
Date of publication, distribution, etc 2016
270 ## - ADDRESS
Address 4th & 5th Floors, Corporate Center,Plot N0-94,Sector-44
City Gurgaon
Postal code 122003
300 ## - PHYSICAL DESCRIPTION
Extent viii,344p.
Dimensions 20cm(pbk)
500 ## - GENERAL NOTE
General note Includes index
942 ## - ADDED ENTRY ELEMENTS (KOHA)
Source of classification or shelving scheme Dewey Decimal Classification
Item type English Books
Call number suffix RAM
Classification part 303.4833
Holdings
Withdrawn status Lost status Not for loan Collection code Home library Current library Date acquired Source of acquisition Cost, normal purchase price Full call number Barcode Copy number Cost, replacement price Koha item type
      Non-fiction Patel Nagar Patel Nagar 01/08/2017 DBAD/PUB 499.00 303.4833 RAM EN-103025 1 499.00 English Books

© Delhi Public Library
Hit Counter
free hit counter